Tài liệu bồi dưỡng lịch sử Dành cho giáo viên cấp II và III

Na minha lista:
Detalhes bibliográficos
Autor principal: Phan Ngọc Liên
Outros Autores: Phan Huy Lê
Formato: Livro
Publicado em: H. Giáo dục 1976
Assuntos:
Tags: Adicionar Tag
Sem tags, seja o primeiro a adicionar uma tag!
Thư viện lưu trữ: Trung tâm Học liệu Lê Vũ Hùng, Trường Đại học Đồng Tháp
LEADER 00823pam a22002298a 4500
001 00023070
005 20171026081022.0
008 110609s1976 ||||||Viesd
041 0 # |a Vie 
082 1 4 |b T103L  |a 907 
100 0 # |a Phan Ngọc Liên 
245 0 0 |a Tài liệu bồi dưỡng lịch sử  |b Dành cho giáo viên cấp II và III  |c Phan Ngọc Liên, Phan Huy Lê 
260 # # |a H.  |b Giáo dục  |c 1976 
300 # # |a 114 tr.  |c 20 cm. 
500 # # |a Bộ giáo dục và đào tạo và bồi dưỡng 
653 # # |a Lịch sử 
653 # # |a phương pháp nghiên cứu 
700 0 # |a Phan Huy Lê 
852 # # |b Kho đọc  |j KD.0009866 
852 # # |j KD.0009866 
910 0 # |a ngọc  |d 09/06/2011 
980 # # |a Trung tâm Học liệu Lê Vũ Hùng, Trường Đại học Đồng Tháp